000 00294nam a2200121Ia 4500
008 150201s2006 xx 000 0 und d
082 _a5
_bWEB
100 _aWeber,Ron
245 _aInformation system control and audit
260 _bPearson
_aN.Delhi
_c2006
300 _a1052p.
942 _2ddc
_cBK
999 _c5659
_d5659